Quizz Coupe du Monde - Statistiques

Statistiques générales
  • Ce quiz a été pris 236 fois
  • Le résultat moyen est 9 sur 15
Statistiques - réponses
Question Réponse % Correct
Quelle pays a remporté le plus de fois la compétition ? Brésil
98%
Sur quelle joueur Zidane effectue son fameux coup de boule ? Marco Materazzi
96%
En quelle année c'est disputé la première édition de la Coupe Du Monde ? 1930
79%
Quel est le record de but sur une édition pour un joueur ? 13
78%
Qui est le détenteur de ce record ? Just Fontaine
76%
Quelle est le seul pays a avoir battu l'Espagne en 2010 ? Suisse
63%
Comment s'appelait l'ancien du trophée de la Coupe du Monde ? Jules Rimet
55%
Qui a été élu meilleur jeune joueur lors du mondial 2014 ? James Rodriguez
54%
Quelle nation a terminé troisième lors de la CDM 2002 ? Turquie
51%
Contre quelle équipe James Rodriguez inscris le plus beau but du tournoi en 2014 ? Uruguay
50%
Quelle est le pays double finaliste en 1974 et 1978 ? Pays-Bas
41%
Avec combien de buts, Neymar a égalé Pelé au niveau des meilleurs buteurs de la Seleção ? 77
39%
Quelle est le premier pays à avoir remporté deux fois d'affilée la CDM ? Italie
37%
Quelle pays refuse de participer au tournoi en 1930 ? Italie
34%
Quel joueur a gagné le trophée meilleur joueur lors de la CDM 1998 ? Ronaldo
19%
Aucun quiz correspondant
Distribution des résultats
% des personnes avec chaque résultat
Percentile par nombre de réponses
Votre historique - résultats
Vous n’avez pas pris ce quiz